000 04016nam0a22004211 4500
001 RU\NLR\A1DV\25682
005 20260407071024.0
035 _a(NLR Aleph) 010777042
090 _a10048618
_c10048618
100 _a19990604d1811 m y0rusy50 ca
101 1 _arus
_cger
102 _aRU
140 _ay y kb yaa0000
200 1 _aХимическое наставление писать рецепты, или Карманная книжка для практикующих врачей, которые хотят избегать погрешностей при предписывании лекарств в химическом и фармацевтическом отношении
_fд. Иоан. Бартоломея Тромздорфа, профессора химии в Эрфуртском университете и тамошняго аптекаря, члена Римско-Императорской академии естество-испытателей, обществ: Королевскаго Датскаго в Копенгагене, медикофармацевтическаго Бриссельскаго, Эрфуртской академии полезных знаний, естество-испытателей Иенскаго и тамошняго же Минералогическаго, физических: Геттингенскаго, Цюрихскаго, Вестфальскаго, Гейделбергскаго, Ботаническаго регенбургскаго, корреспондента швейцарских врачей и хирургов, Галваническаго Парижскаго общ. естество-испытателей Маинцскаго общ. естество-испытывающих соревнователей в Берлине, корресп. общ. фармации и врачебной физики - и проч.
_gПереведено с немецкаго четвертаго издания умноженннаго [!] и исправленнаго
210 _aМосква
_cв типографии Федора Любия
_d1811
215 _aXVI, 272, [8] с.
_d12°
300 _aЦенз.: Моск. ун-та ценз. ком.
300 _aЗагл. ориг.: Chemische Rezeptierkunst, oder Taschenbuch für praktische Aerzte... (Erfurt, 1799)
300 _aПодстроч. примеч. авт.
300 _aНа с.III-VI посвящ. пер. Я.В.Виллие с подписью: Иван Попов
300 _aНа с.VII-XIV "Сокращенное предисловие к первому изданию"; на с.XV-XVI "Предисловие к IV изданию"; на с.[1-8] список подписчиков
321 1 _aСмирд. 4646
321 1 _aСоп. 6585
517 1 _aКарманная книжка для практикующих врачей, которые хотят избегать погрешностей при предписывании лекарств в химическом и фармацевтическом отношении
620 _dМосква
700 1 _6z01790
_6z02790
_aТроммсдорф
_bИ.Б.
_f1770-1837
_gИоганн Бартоломе
_4070
702 1 _4280
_7ca
_8rus
_aВиллие
_bЯ. В.
_f1768-1854
_gЯков Васильевич
_9191251
_3RU\NLR\AUTH\770191302
702 1 _4730
_aПопов
_bИ. В.
_cлитератор, издатель
_fок.1770-1839
_gИван Васильевич
_3RU\NLR\AUTH\770238059
_9238003
702 1 _4610
_7ca
_8rus
_aЛюби
_bФ. Ф.
_gФедор Ф.
_9240351
_3RU\NLR\AUTH\770240407
712 0 0 _4610
_aЛюби,
_cМосква
_gФ.,
_hтипография
_9723209
_3RU\NLR\AUTH\880530593
790 1 _6z01700
_aTrommsdorf
_bJ.B.
_gJohann Bartholomä
_4070
_7ba
790 1 _6z02700
_aТромздорф
_bИ.Б.
_gИоан. Бартоломей
801 0 _aRU
_bNLR
_c19990604
852 _aNLR
_j18.12.2.19
942 _cBOOK
980 _aNB
980 _aA1DV